| 000 | 00570nam a22001697a 4500 | ||
|---|---|---|---|
| 020 | _qHard Cover. | ||
| 082 | _a004 | ||
| 100 | _aUsman Umer ; Muhammd Jalil | ||
| 245 |
_aINNOVATON AND CHANGE / _cUsman Umer ; Muhammd Jalil |
||
| 260 |
_aIslamabad : _bSEECS - NUST, _c2010. |
||
| 300 |
_a41 p. : ill. ; _c30cm. |
||
| 650 |
_aComputer Science Engineering-Project Report. _931419 |
||
| 700 |
_aMr. Mohammad Yousaf. _931462 |
||
| 856 | _uhttp://10.250.8.41:8080/xmlui/handle/123456789/29794 | ||
| 942 |
_2ddc _cPR |
||
| 999 |
_c536412 _d536412 |
||